00293 a2200121 4500001000700000020001800007040003500025100000900060240004500069245004000114300000800154362000900162155411 a9788502630604 cEscola São Tomás de Aquino aTITO10aQuímica na abordagem do cotidianolpor10aQuímica na abordagem do cotidiano a6880 a2015